| 000 | 00812nam a2200229 a 4500 | ||
|---|---|---|---|
| 001 | 000021169 | ||
| 005 | 20200930011243.0 | ||
| 008 | 100901s2005 xxu r 000 | spa d | ||
| 040 |
_aDO-SdBNP _bspa _cBNPHU |
||
| 082 |
_a320.97291 _bR669c |
||
| 100 | 1 |
_aRoca Antúnez, Vladimiro _d1942- _944247 |
|
| 245 | 1 | 0 |
_a¡Cuba hoy! : _buna perspectiva / _cVladimiro Roca Antúnez; edición a cargo de José Rivero García. |
| 260 |
_aMiami, (Estados Unidos) : _bCarta de Cuba, _c2005. |
||
| 300 |
_a79 p. ; _c23 cm. |
||
| 490 | 1 | _aEscritura de la Libertad | |
| 651 | 4 |
_aCuba _xPolítica Y Gobierno _y1990 _944248 |
|
| 651 | 4 |
_aCuba _xVida Social Y Costumbres _944249 |
|
| 651 | 4 |
_aCuba _xHistoria _y1990 _913872 |
|
| 700 | 1 |
_aRivero García, José _eed. _944250 |
|
| 830 | 0 |
_aEscritura de la Libertad _944251 |
|
| 049 | _aBNGR | ||
| 999 |
_c20670 _d20670 |
||